00322nam a2200145Ia 4500008004100000084001000041100001500051245001600066250002000082260000900102260000900111260001100120300001000131500003500141180424s9999 xx 000 0 und d aT2 M6 a"Mohan, R" 0aPathuppattu a\\200400TAMGPMX aNCBH b2004 cMadras a180p. aincludes index and biblioraphy